01195nam a2200301 a 4500001001200000003000800012006001900020007001500039008004100054010001700095020002000112020002000132040002100152035002000173050002200193082002000215245011700235260006800352300001500420504005100435533015200486650004500638655002900683700001800712700002000730710001700750856012600767ebr10064301CaPaEBRm u cr cn|||||||||990610s2000 nyu sb 101 0 eng  z 99036182  z0521630010 (hb) z0521639980 (pb) aCaPaEBRcCaPaEBR a(OCoLC)7075830614aD116b.U75 2000eb04a909.07/07/222104aThe uses of the past in the early Middle Agesh[electronic resource] /cedited by Yitzhak Hen and Matthew Innes. aCambridge, UK ;aNew York :bCambridge University Press,c2000. aix, 283 p. aIncludes bibliographical references and index. aElectronic reproduction.bPalo Alto, Calif. :cebrary,d2013.nAvailable via World Wide Web.nAccess may be limited to ebrary affiliated libraries. 0aMiddle AgesxHistoriographyvCongresses. 7aElectronic books.2local1 aHen, Yitzhak.1 aInnes, Matthew.2 aebrary, Inc.40uhttp://site.ebrary.com/lib/rucke/Doc?id=10064301zAn electronic book accessible through the World Wide Web; click to view